Sports Quiz

Random Sports or Soccer Quiz

Top Goalscorers of Everton (Women) Quiz Stats

 Plays Quiz not verified by Sporcle

Support Sporcle.
Go Orange.
Score 0/25 Timer 08:00
0 Plays Today
Season Answer % Correct
2007-08 PLRU LCWFara Williams
100%
2006-07 PLRUFara Williams
100%
2018-19Inessa Kaagman
50%
2017-18 SL1Courtney Sweetman-Kirk
50%
2017 SL2 SSWClaudia Walker
50%
2016Claudia Walker
50%
2015 SL2Danielle Turner
50%
2014 Relegated FACRU Nikita Parris
50%
2013Toni Duggan
50%
2012Toni Duggan
50%
2010-11Natasha Dowie
50%
2009-10 PLRU FACW LCRUNatasha Dowie
50%
2008-09 PLRUNatasha Dowie
50%
Season Answer % Correct
2005-06 PLRUJody Handley
50%
2000-01Jody Handley
50%
2004-05 FACRUKelly McDougall
0%
2003-04Karen Boyle
0%
2002-03Sarah Whewell
0%
2001-02Amanda Barr and Sarah Whewell
0%
1999-00Karen Burke
0%
1998-99 LCRUKaren Burke
0%
1997-98 ChampionsKaren Burke
0%
1996-97Louise Thomas
0%
1995-96Louise Thomas
0%
2019-20Chloe Kelly
0%

You're not logged in!

Compare scores with friends on all Sporcle quizzes.
OR
Log In

From the Vault

Disney Movies by Animals

by LTH

Well, if we don't have a bunch of magical animals, what else do we have?
Remove Ads.
Support Sporcle.
Get the best of Sporcle when you Go Orange. This ad-free experience offers more features, more stats, and more fun while also helping to support Sporcle. Thank you for becoming a member.

Show Comments

Extras

Top Quizzes Today


Score Distribution

Your Account Isn't Verified!

In order to create a playlist on Sporcle, you need to verify the email address you used during registration. Go to your Sporcle Settings to finish the process.

Report this User

Report this user for behavior that violates our Community Guidelines.

Details: